000 00931nam a22002891 4500
001 36077
003 BD-RjUL
005 20211209052429.0
008 140616s1968 nyu b 000 0 eng d
035 _a(BD-RjUL)36174
040 _aDLC
_cDLC
_dDLC
_dBD-RjUL
_beng
041 _aeng
082 0 0 _a320.54956
_bPOL 1968
245 1 0 _aPolitical and social thought in the contemporary Middle East /
_cedited by Kemal H. Karpat.
260 _aNew York :
_bPraeger,
_c1968.
300 _axiii, 397 p. ;
_c24 cm.
490 0 _aPraeger paperbound texts
504 _aBibliographical footnotes.
650 0 _aNationalism
_zMiddle East.
_953775
650 0 _aSocialism
_zMiddle East.
_9109394
651 0 _aTurkey
_xPolitics and government
_y1909-
_982969
651 0 _aArab countries
_xPolitics and government
_y1945-
_977737
700 1 _aKarpat, Kemal H.,
_9109395
942 _2ddc
_cBK
999 _c36077
_d36077